Gaming Quiz

Random Gaming Quiz

Smash 64 Tier List Quiz Stats

 Plays Quiz not verified by Sporcle

Score 0/12 Timer 02:00
0 Plays Today
Rank Character % Correct
1.Pikachu
82.5%
2.Fox McCloud
75.1%
5.Mario
70.6%
3.Kirby
69%
11.Link
68.5%
12.Samus Aran
68%
10.Luigi
66%
4.Captain Falcon
62.4%
9.Jigglypuff
60.4%
8Ness
58.9%
6.Yoshi
57.6%
7.Donkey Kong
56.3%

You're not logged in!

Compare scores with friends on all Sporcle quizzes.
Join for Free
OR
Log In

You Might Also Like...

Show Comments

Extras

Top Quizzes Today


Score Distribution

Your Account Isn't Verified!

In order to create a playlist on Sporcle, you need to verify the email address you used during registration. Go to your Sporcle Settings to finish the process.

Report this User

Report this user for behavior that violates our Community Guidelines.

Details: